| 000 | 00538cam a2200181 a 4500 | ||
|---|---|---|---|
| 020 | _a9780321594549 | ||
| 020 | _a0321594541 | ||
| 050 | 0 | 0 |
_aHB172.5 _b.M53 2010 |
| 100 | 1 | _aMiller, Roger LeRoy. | |
| 245 | 1 | 4 |
_aThe economics of macro issues / _cRoger LeRoy Miller, Daniel K. Benjamin. |
| 250 | _a4th ed. | ||
| 260 |
_aNew York [USA] : _bAddison-Wesley, _cc2010. |
||
| 300 | _axiii, 207 p. : | ||
| 500 | _aIncludes bibliographic references and index. | ||
| 650 | _xMacroeconomics. | ||
| 700 | 1 | _aBenjamin, Daniel K. | |
| 942 |
_2lcc _cGEN |
||
| 999 |
_c7734 _d7734 |
||